1949 1186 1954 1149 1624 1860 1879 1177 1263 1240 1775 1299 1689 1439 1465 1754 1880 1338 1498 1775 1987 1051 1579 1112 1760 1107 1166 1577 1598 1316 1572 1477 1010 1285 1301 1629 1694 1153 1911 1115 1619 1205 1629 1640 1797 1290 1025 1822 1581 1544 1167 1170 1854 1134 1589 1435 1472 1994 1421 1328 1589 1587 1386 1651 1516 1850 1368 1544 1344 1987 1928 1141 1060 1501 1768 1700 1448 1971 1696 1802 1816 1894 1672 1405 1114 1949 1812 1442 1225 1353 1772 1349 1339 1054 1941 1246 1508 1940 1577 BCNSPRNW ULIB Ver.6.0+V

เปลี่ยนเป็นภาษาไทย

Change to English
 แสดงรายละเอียดบรรณานุกรม
  กลับหน้าหลัก

Brief Record : Get Marc (ISO 2709) : E-mail record : QR code < ปิดหน้าต่าง
LEADER : 00000nam 2200000uu 4500
001    13399112361
003     ULIB
008    110807s2554||||th 000 0 tha d
020    9786167495057
060  4 WY152^bผ225พ 2554
100 0  ผ่องพรรณ อรุณแสง
245 10 การพยาบาลปัญหาสำคัญของผู้สูงอายุ :^bการนำใช้ /^cผ่องพรรณอรุณแสง
250    พิมพ์ครั้งที่ 1
260    ขอนแก่น :^bโรงพิมพ์คลังนานาวิทยา,^c2554
300    ก-ฒ, 290 หน้า
500    ^"ผู้จัดทำสังกัดคณะพยาบาลศาสตร์ มหาวิทยาลัยขอนแก่น^"
650  7 การพยาบาลผู้สูงอายุ
650  7 ผู้สูงอายุ^xการดูแล
650  7 วัยชรา^xการดูแล
945    ^p300^l0^i18477
945    ^p300^l0^i18478
945    ^p300^l0^i18479
945    ^p300^l0^i18828
945    ^p300^l0^i18829
945    ^p300^l0^i18830
945    ^p300^l0^i18831
945    ^p300^l0^i18867
995    กัณชพร
999 ^a ใช้งานได้ทุกระบบ
รายการนี้ยังไม่มีแท็ก
คุณยังไม่ได้ล็อกอิน คุณสามารถมีกิจกรรมร่วมกับเว็บไซต์ได้ แต่ต้องล็อกอินก่อน ::
  ล็อกอิน

รายการสื่อสารสนเทศ

ลำดับที่ ประเภท เลขเรียก/บาร์โค้ด สถานที่ สถานะ
1. วิทยาศาสตร์การแพทย์ และสุขภาพ
วิทยาศาสตร์การแพทย์ และสุขภาพ
สถานะ=หนังสือเก่า
WY152 ผ225พ 2554  
  Barcode: 18477
ห้องสมุดวิทยาเขตนครสวรรค์
►ส่วนจัดเก็บหนังสือเก่า นว.
บนชั้น
  ขอยืม
2. วิทยาศาสตร์การแพทย์ และสุขภาพ
วิทยาศาสตร์การแพทย์ และสุขภาพ
สถานะ=หนังสือเก่า
WY152 ผ225พ 2554 ฉ.2 
  Barcode: 18478
ห้องสมุดวิทยาเขตนครสวรรค์
►ส่วนจัดเก็บหนังสือเก่า นว.
บนชั้น
  ขอยืม
3. วิทยาศาสตร์การแพทย์ และสุขภาพ
วิทยาศาสตร์การแพทย์ และสุขภาพ
สถานะ=หนังสือเก่า
WY152 ผ225พ 2554 ฉ.3 
  Barcode: 18479
ห้องสมุดวิทยาเขตนครสวรรค์
►ส่วนจัดเก็บหนังสือเก่า นว.
บนชั้น
  ขอยืม
4. วิทยาศาสตร์การแพทย์ และสุขภาพ
วิทยาศาสตร์การแพทย์ และสุขภาพ
สถานะ=หนังสือเก่า
WY152 ผ225พ 2554 ฉ.4 
  Barcode: 18828
ห้องสมุดวิทยาเขตนครสวรรค์
►ส่วนจัดเก็บหนังสือเก่า นว.
บนชั้น
  ขอยืม
5. วิทยาศาสตร์การแพทย์ และสุขภาพ
วิทยาศาสตร์การแพทย์ และสุขภาพ
สถานะ=หนังสือเก่า
WY152 ผ225พ 2554 ฉ.5 
  Barcode: 18829
ห้องสมุดวิทยาเขตนครสวรรค์
►ส่วนจัดเก็บหนังสือเก่า นว.
บนชั้น
  ขอยืม
6. วิทยาศาสตร์การแพทย์ และสุขภาพ
วิทยาศาสตร์การแพทย์ และสุขภาพ
สถานะ=หนังสือเก่า
WY152 ผ225พ 2554 ฉ.6 
  Barcode: 18830
ห้องสมุดวิทยาเขตนครสวรรค์
►ส่วนจัดเก็บหนังสือเก่า นว.
บนชั้น
  ขอยืม
7. วิทยาศาสตร์การแพทย์ และสุขภาพ
วิทยาศาสตร์การแพทย์ และสุขภาพ
สถานะ=หนังสือเก่า
WY152 ผ225พ 2554 ฉ.7 
  Barcode: 18831
ห้องสมุดวิทยาเขตนครสวรรค์
►ส่วนจัดเก็บหนังสือเก่า นว.
บนชั้น
  ขอยืม
8. วิทยาศาสตร์การแพทย์ และสุขภาพ
วิทยาศาสตร์การแพทย์ และสุขภาพ
สถานะ=หนังสือเก่า
WY152 ผ225พ 2554 ฉ.8 
  Barcode: 18867
ห้องสมุดวิทยาเขตนครสวรรค์
►ส่วนจัดเก็บหนังสือเก่า นว.
บนชั้น
  ขอยืม

รายการใกล้เคียง
    ผู้แต่ง [ผ่องพรรณ อรุณแสง]

    หัวเรื่อง [การพยาบาลผู้สูงอายุ]
    หัวเรื่อง [ผู้สูงอายุ การดูแล]

BibComment


ยังไม่เคยถูกคอมเมนท์

คอมเมนท์ทรัพยากรรายการนี้
  คอมเมนท์: การพยาบาลปัญหาสำค..


 Copyright 2026. Bcnsprnw @Library